Județele României care se învecinează cu alte state - Statistics

General Stats
  • This quiz has been taken 29 times
  • The average score is 18 of 19
Answers on the Map
Answers color-coded by a green-red scale on the quiz's map according to % correct below.
 
Answer Stats
Județul % Correct
Botoșani
100%
Caraș-Severin
100%
Constanța
100%
Galați
100%
Iași
100%
Maramureș
100%
Satu Mare
100%
Suceava
100%
Teleorman
100%
Timiș
100%
Tulcea
100%
Vaslui
100%
Arad
92%
Bihor
92%
Călărași
92%
Giurgiu
92%
Mehedinți
92%
Olt
92%
Dolj
83%
No matching quizzes found
Score Distribution
Percent of People with Each Score
Percentile by Number Answered
Your Score History
You have not taken this quiz